000 00701nam a2200241Ia 4500
003 OSt
005 20220923212357.0
006 a|||||r|||| 00| 0
007 ta
008 220922b |||||||| |||| 00| 0 hin d
024 _a152,500
037 _cTextual
040 _aARTS
_cARTS
_bhin
041 _2hin
_ahin
082 _aN5.2.K, 152J0
100 _aराय, कृष्णदास
245 0 _aभारत की चित्रकला
246 _aBhārat kī chitrakalā
260 _c1950
650 _aभारतीय चित्रकला
_9157954
942 _hN5.2.K, 152J0
_cTEXL
_2CC
999 _c308149
_d308149